Multidimensional orientation in complex conceptual models

Na minha lista:
Detalhes bibliográficos
Autor principal: Jablonický, Kristián (Author)
Outros Autores: Lang, Ján (Thesis advisor)
Formato: Manuscrito Livro
Idioma:eslovaco
inglês
Publicado em: 2025
Assuntos:
Acesso em linha:http://is.stuba.sk/zp/portal_zp.pl?podrobnosti=183702
Tags: Adicionar Tag
Sem tags, seja o primeiro a adicionar uma tag!

MARC

LEADER 00000ntm a22000003a 4500
001 stuzp105772
003 SK-STU
005 20250607211537.9
007 ta
008 150427s2015----xo-----f-mn---000-0-slo-d
040 |a STU  |b slo 
041 0 |a eng 
100 1 |a Jablonický, Kristián  |u 070200  |4 aut  |U FIIT Fakulta informatiky a informačných technológií  |T FIIT Ústav informatiky, informačných systémov a softvérového inžinierstva  |X 110970  |U I200  |Y 179  |7 110970 
242 0 1 |a Viacdimenzionálna orientácia v zložitých konceptuálnych modeloch  |y slo 
245 1 0 |a Multidimensional orientation in complex conceptual models 
260 |c 2025 
650 4 |a UML  |2 eng 
650 4 |a task context  |2 eng 
650 4 |a source code orientation  |2 eng 
650 4 |a local code search  |2 eng 
650 4 |a kontext zo zadania  |2 slo 
650 4 |a orientácia v zdrojovom kóde  |2 slo 
650 4 |a lokálne vyhľadávanie zdrojového kódu  |2 slo 
650 4 |a UML  |2 slo 
700 1 |a Lang, Ján  |u 070200  |k Z1  |4 ths  |U FIIT Fakulta informatiky a informačných technológií  |T FIIT Ústav informatiky, informačných systémov a softvérového inžinierstva  |X 60247  |U I200  |Y 179  |7 60247 
856 4 |u http://is.stuba.sk/zp/portal_zp.pl?podrobnosti=183702